Las travesuras de Lassie / (Registro nro. 9429)

Detalles MARC
000 -LIDER
fixed length control field 00672nam a22002651 4500
001 - NÚMERO DE CONTROL
Identificador de número de control 1084183
003 - IDENTIFICACDOR DE NÚMERO DE CONTROL
control field DO-SdBNP
005 - DATE AND TIME OF LATEST TRANSACTION
control field 20180205150611.0
007 - CAMPOS FIJOS DE DESCRIPCIÓN FÍSICA
fixed length control field 1084183
008 - ELEMENTOS DE LONGITUD FIJA
fixed length control field 920725s1969 sp spa
016 7# - NO. DE CONTROL DE LA AGENCIA BIB. NACIONAL
Record control number
Canceled/invalid record control number
Source BPMSU
017 ## - NÚMERO DE REGISTRO DE DERECHOS DE AUTOR
Copyright or legal deposit number
Assigning agency
035 ## - NÚMERO LOCAL
System control number
040 ## - FUENTE DE CATALOGACIÓN
Agencia que crea de manera original el registro BPMSU
Idioma de catalogación spa
Agencia que realiza la transcripción BPMSU
080 #0 - NÚMERO DE CLASIFICACIÓN DECIMAL UNIVERSAL
Universal Decimal Classification number
100 ## - ASIENTO PRINCIPAL -- NOMBRE PERSONAL
Término de relación Lassie
245 10 - MENCIÓN DE TITULO
Título Las travesuras de Lassie /
Medio (Designación general de material)
Subtítulo
Mención de responsabilidad Lassie
260 ## - PUBLICACIÓN, DISTRIBUCIÓN, ETC. (PIE DE IMPRENTA)
Lugar de publicación, distribución, etc Barcelona :
Nombre del editor, distribuidor, etc. Bruguera
Fecha de publicación, distribución, etc 1969
300 ## - DESCRIPCIÓN FÍSICA
Extensión 239 p.:
Otros detalles físicos
Dimensiones 20 cm.
490 0# - MENCIÓN DE SERIES
Mención de serie Colección "Héroes"
Volume/sequential designation 59
830 ## - ASIENTO SECUNDARIO DE SERIE--TÍTULO UNIFORME
Nombre de la parte o sección de una obra Colección "Héroes"
942 ## - ADDED ENTRY ELEMENTS (KOHA)
Source of classification or shelving scheme Dewey Decimal Classification
Koha item type Libros
945 ## - INFORMACIÓN DE PROCESAMIENTO LOCAL
Información de procesamiento local Inventariado, 2018/ YL
956 ## - LOCAL ELECTRONIC LOCATION AND ACCESS (OCLC)
Nombre de host VMATEO
Método de acceso 10
Materiales especificados 20160330
Enlace BPMSU
Campo enlazado y núm. de secuencia 0069
Existencias
Withdrawn status Lost status Source of classification or shelving scheme Damaged status Not for loan Collection code Home library Current library Date acquired Source of acquisition Total Checkouts Barcode Date last seen Price effective from Koha item type
    Dewey Decimal Classification     Colección Juvenil General Biblioteca Pública Metropolitana Salomé Ureña Biblioteca Pública Metropolitana Salomé Ureña 03/30/2016 FUNDI   BPMSU16030312 03/30/2016 03/30/2016 Libros